| 000 | 01051nam a2200265 4500 | ||
|---|---|---|---|
| 001 | 3164359 | ||
| 005 | 19711119000000.0 | ||
| 008 | 711115s1971 nyu |rbs 001 0 eng d | ||
| 010 | _a 75151956 | ||
| 040 |
_aDLC _cDLC _dDLC |
||
| 043 | _af-ua--- | ||
| 050 | 0 | 0 |
_aHD5839 _b.A6N33 |
| 082 | 0 | 0 |
_a331.11962 _bNAG _222 |
| 100 | 1 |
_aNagi, Mostafa H. _910772 |
|
| 245 | 1 | 0 |
_aLabor Force and Employment in Egypt; _bA Demographic and Socioeconomic Analysis _c Mostafa H. Nagi. Foreword by Edward G. Stockwell. |
| 260 |
_aNew York, _bPraeger _c[1971] |
||
| 300 |
_a285 p.; _c25 cm. |
||
| 490 | 0 | _aPraeger Special Studies in International Economics and Development | |
| 500 | _aDonated by: Alaa Abdel Ghany | ||
| 504 | _aIncludes bibliography: p. 273-285 and index | ||
| 650 | 0 |
_aLabor supply _zEgypt. _910773 |
|
| 700 |
_910858 _aStockwell, Edward G. |
||
| 942 |
_2ddc _cBB |
||
| 999 |
_c13235 _d13235 |
||